000 00670nam a22001937a 4500
003 OSt
005 20240905100449.0
008 240905b ||||| |||| 00| 0 eng d
040 _cAIMIT LIBRARY
100 _aN R Praveen.
_e2216144
_9178746
245 _aImpact of working capital management on its profitability /
_cBy Praveen N R ; Guided by Swapna Rose.
260 _aMysore ;
_c2024.
650 _aLiterature review objectives and conceptual framework
_9178747
650 _aResearch methodology
_9178748
650 _aData analysis and interpretation
_9178749
700 _aRose Swapna.
_eGuide
_9178750
856 _3Hindustan spring mfg.co.
942 _2ddc
_cPRO
999 _c231742
_d231742